000 00622cam a22002171 4500
001 ca 36001346
003 DLC
005 20260227111143.0
008 791211s1934 nyu 000 0 eng
010 _aca 36001346
035 _a(OCoLC)5782693
040 _aDLC
_cRPB
_dDLC
042 _apremarc
050 0 0 _aPN4305.N6
_bM25
082 _a791.1
100 1 _aMcMullen, J. C.
_q(Joseph Carl),
_d1882-
245 1 4 _aThe lazy moon minstrels,
_ba complete minstrel show,
_cby J. C. McMullen.
260 _aNew York,
_bFitzgerald Publishing Corporation,
_c[c1934].
300 _a64 p.
_c19 cm.
440 0 _aPlayhouse plays
999 _c18256
_d18256